01466nam a22002297a 450000500170000000800410001702000180005804000070007604100080008308200210009110000300011224500310014226000490017330000300022236500530025252008360030565000190114165000200116070000210118070000150120170000200121620220111115130.0220110b ||||| |||| 00| 0 eng d a9788121904148 cAL aEng 223a539.7 bSUBA aSubrahmanyam N and others aAtomic and Nuclear Physics aNew DelhibS Chand And Company Limitedc2019 axii,275 p.bPBc24x17 cm. a4968b₹248.00c₹d₹310.00e20%f06-01-2022 aThe present edition of the book is revised as per the UGC syllabus. Questions and problems at the end of each chapter have been up-dated. Many new solved examples are included in this edition. Certain topics have been added so that students from some universities where the syllabus has been modified and upgraded may benefit. Table of Contents 1. Relativity 2. Quantum Mechanics 3. Matter Waves-Wave Particle Duality and Uncertainty Principle 4. Mechanics 5. Atomic Physics 6. X-Rays 7. Molecular Physics 8. Raman Effect and Spectroscopic Techniques 9. Interaction of Charged Particles and Neutrons with Matter 10.Structure of Nuclei 11.Nuclear Reactions 12. Nuclear Models Appendix A-D Bibliography Besides being a text-book we hope that this will benefit students appearing at the IAS, AMIE and other Competitive Examinations. aAtomic Physics aNuclear Physics aSUBRAHMANYAM (N) aLAL (Brij) aSESHAN (Jivan)